Java : (Record no. 1048)
[ view plain ]
| 000 -LEADER | |
|---|---|
| fixed length control field | 02392nam a2200325 4500 |
| 001 - CONTROL NUMBER | |
| control field | 14709032 |
| 005 - DATE AND TIME OF LATEST TRANSACTION | |
| control field | 20141030090347.0 |
| 007 - PHYSICAL DESCRIPTION FIXED FIELD--GENERAL INFORMATION | |
| fixed length control field | 000 |
| 008 - FIXED-LENGTH DATA ELEMENTS--GENERAL INFORMATION | |
| fixed length control field | 000 |
| 010 ## - LIBRARY OF CONGRESS CONTROL NUMBER | |
| LC control number | 2007003109 |
| 020 ## - INTERNATIONAL STANDARD BOOK NUMBER | |
| International Standard Book Number | 0132222205 |
| International Standard Book Number | 9780132222204 |
| 035 ## - SYSTEM CONTROL NUMBER | |
| System control number | (OCoLC)ocm80181222 |
| 040 ## - CATALOGING SOURCE | |
| Original cataloging agency | UOEL |
| Transcribing agency | DLC |
| Modifying agency | YDX |
| -- | BAKER |
| -- | YDXCP |
| -- | DMZ |
| -- | DLC |
| 050 00 - LIBRARY OF CONGRESS CALL NUMBER | |
| Classification number | QA76.73.J38 |
| Item number | D45 2007 |
| 082 00 - DEWEY DECIMAL CLASSIFICATION NUMBER | |
| Classification number | 005.13/3 |
| Edition number | 22 |
| 100 1# - MAIN ENTRY--PERSONAL NAME | |
| Personal name | Deitel, Paul J. |
| 245 10 - TITLE STATEMENT | |
| Title | Java : |
| Remainder of title | how to program / |
| Statement of responsibility, etc | P.J.Deitel, H.M.Deitel. |
| 250 ## - EDITION STATEMENT | |
| Edition statement | 7th ed. |
| 260 ## - PUBLICATION, DISTRIBUTION, ETC. (IMPRINT) | |
| Place of publication, distribution, etc | New Jersey ; |
| Name of publisher, distributor, etc | Pearson Prentice Hall, |
| Date of publication, distribution, etc | c2007. |
| 300 ## - PHYSICAL DESCRIPTION | |
| Extent | xliv, 1596 p. : |
| Other physical details | ill. ; |
| Dimensions | 24 cm + |
| Accompanying material | 1 CD-ROM (4 3/4 in.). |
| 440 #0 - SERIES STATEMENT/ADDED ENTRY--TITLE | |
| Title | How to program series |
| 500 ## - GENERAL NOTE | |
| General note | Includes index. |
| 505 0# - FORMATTED CONTENTS NOTE | |
| Formatted contents note | Introduction to computers, the Internet and the Web -- Introduction to Java applications -- Introduction to classes and objects -- Control statements: part 1 -- Control statements: part 2 -- Methods: a deeper look -- Arrays -- Classes and objects: a deeper look -- Object-oriented programming: inheritance -- Object-oriented programming: polymorphism -- GUI components: part 1 -- Graphics and Java 2D -- Exception handling -- Files and streams -- Recursion -- Searching and sorting -- Data structures -- Generics -- Collections -- Introduction to Java applets -- Multimedia: applets and applications -- GUI components: part 2 -- Multithreading -- Networking -- Accessing databases with JDBC -- Web applications: part 1 -- Web applications: part 2 -- JAX-WS Web services -- Formatted output -- Strings, characters and regular expressions -- A. Operator precedence chart -- B. ASCII character set -- C. Keywords and reserved words -- D. Primitive types -- E. Number systems -- F. GroupLayout -- G. Java desktop integration components (JDIC) -- H. Mashups -- Web bonus appendices -- I. Unicode -- J. Using the Java API documentation -- K. Creating documentation with javadoc -- L. Bit manipulation -- M. ATM case study code -- N. Labeled break and continue statements -- O. UML 2: additional diagram types -- P. Design patterns -- Q. Using the debugger. |
| 650 #0 - SUBJECT ADDED ENTRY--TOPICAL TERM | |
| Topical term or geographic name as entry element | Java (Computer program language) |
| General subdivision | Mathematics |
| 700 1# - ADDED ENTRY--PERSONAL NAME | |
| Personal name | Deitel, Paul J. |
| 906 ## - LOCAL DATA ELEMENT F, LDF (RLIN) | |
| a | 7 |
| b | cbc |
| c | orignew |
| d | 1 |
| e | ecip |
| f | 20 |
| g | y-gencatlg |
| 942 ## - ADDED ENTRY ELEMENTS (KOHA) | |
| Source of classification or shelving scheme | Library of Congress Classification |
| Item type | Short Loan for 1 day |
| Withdrawn status | Lost status | Source of classification or shelving scheme | Damaged status | Not for loan | Home library | Current library | Shelving location | Date acquired | Total Checkouts | Full call number | Barcode | Date last seen | Date last borrowed | Copy number | Price effective from | Koha item type |
|---|---|---|---|---|---|---|---|---|---|---|---|---|---|---|---|---|
| Library of Congress Classification | UOE Main Library | UOE Main Library | Short Loan Area | 30/10/2014 | 2 | QA76.73.J38 D45 2007 | 20147554 | 27/04/2026 | 05/02/2020 | 20147554 | 30/10/2014 | Short Loan for 1 day |
